A félelem és az uralom viszonya Hegel "úr" és "szolga" fogalmainak kontextusában a munka és a formálódás összefüggései /

Elmentve itt :
Bibliográfiai részletek
Szerző: Jármi Bence
További közreműködők: Hegel Georg Wilhelm Friedrich
Dokumentumtípus: Könyv része
Megjelent: Pro Philosophia Szegediensi Alapítvány, Magyar Filozófiai Társaság, Státus Szeged 2025
Sorozat:Lábjegyzetek Platónhoz 22
A félelem 22
Kulcsszavak:Filozófia - német - 18-19. sz., Félelem
Tárgyszavak:
Online Access:http://acta.bibl.u-szeged.hu/89264
LEADER 01009naa a2200241 i 4500
001 acta89264
005 20251213100618.0
008 251213s2025 hu o 000 hun d
020 |a 978-615-5727-10-8 
022 |a 1785-7082 
040 |a SZTE Egyetemi Kiadványok Repozitórium  |b hun 
041 |a hun 
100 1 |a Jármi Bence 
245 1 2 |a A félelem és az uralom viszonya Hegel "úr" és "szolga" fogalmainak kontextusában   |h [elektronikus dokumentum] :  |b a munka és a formálódás összefüggései /  |c  Jármi Bence 
260 |a Pro Philosophia Szegediensi Alapítvány, Magyar Filozófiai Társaság, Státus  |b Szeged  |c 2025 
300 |a 231-244 
490 0 |a Lábjegyzetek Platónhoz  |v 22 
490 0 |a A félelem  |v 22 
650 4 |a Bölcsészettudományok 
650 4 |a Filozófia, etika és vallástudományok 
695 |a Filozófia - német - 18-19. sz., Félelem 
700 0 1 |a Hegel Georg Wilhelm Friedrich 
856 4 0 |u http://acta.bibl.u-szeged.hu/89264/1/platonhoz_022_231-244.pdf  |z Dokumentum-elérés